000 00598nam a22002057a 4500
005 20210426122257.0
008 210201s1951 ||||| |||| 00| 0 eng d
040 _aeng
_cDLC
041 _aeng
080 _a821.111
_bM-44
100 _9728
_aMcKelway, Clair. St.
245 _aTrue Tales from the Annals of Crime and Rascality
_c/ by: Random House
250 _a2nd edition
260 _aNew York
_bRandom House
_c1951
300 _a339 p.
365 _b3 usd
650 0 _9247
_aEnglish literature
653 _aინგლისური ლიტერატურა
942 _2udc
_cBK
_e2
999 _c1054
_d1054